| 000 | 00722nmc a2200265 a 4500 | ||
|---|---|---|---|
| 003 | AR-BaBNM | ||
| 005 | 20251128202832.0 | ||
| 008 | 026119s1969 ||||||||||||||000 | spa|| | ||
| 040 | _cAR-BaBNM | ||
| 100 | 1 | _aZúgaro, Roberto E. | |
| 245 | 1 | 0 | _aGuía para la enseñanza de las danzas folklóricas en la escuela primaria |
| 250 | _a1ª ed. | ||
| 260 |
_aBuenos Aires _bLa Obra _c1969 |
||
| 300 | 0 |
_a94 p. _bil. |
|
| 490 | 0 | _aInformación didáctica | |
| 504 | _aBibliografía al final de cada capítulo | ||
| 650 | 4 | _aFOLKLORE | |
| 650 | 4 | _aENSENANZA | |
| 650 | 4 | _aDANZAS FOLKLORICAS | |
| 650 | 4 | _aMATERIAL DIDACTICO | |
| 650 | 4 | _aPROCESO DE APRENDIZAJE | |
| 650 | 4 | _aRITMO | |
| 942 | _cBK | ||
| 998 | _cCarmen | ||
| 999 |
_c808 _d808 |
||